Eastern Utah Libraries Catalog: Duchesne, Heber, Roosevelt, & Vernal

Planet of twilight / (Record no. 170404)

MARC details
000 -LEADER
fixed length control field 01754pam a2200409 a 4500
008 - FIXED-LENGTH DATA ELEMENTS--GENERAL INFORMATION
fixed length control field 991229t19981997nyu 000 1 eng d
020 ## - INTERNATIONAL STANDARD BOOK NUMBER
International Standard Book Number 0553575171
035 ## - SYSTEM CONTROL NUMBER
System control number 7AF795A4E3654DD3972B159AFABA5FE5
040 ## - CATALOGING SOURCE
Original cataloging agency ICrlF
Transcribing agency ICrlF
Modifying agency ICrlF
050 00 - LIBRARY OF CONGRESS CALL NUMBER
Classification number PS3558.A4215
Item number P58 1998
082 04 - DEWEY DECIMAL CLASSIFICATION NUMBER
Classification number 813/.54
Edition number 21
035 ## - SYSTEM CONTROL NUMBER
System control number 7AF795A4E3654DD3972B159AFABA5FE5
005 - DATE AND TIME OF LATEST TRANSACTION
control field 20241220153558.0
001 - CONTROL NUMBER
control field 31853
003 - CONTROL NUMBER IDENTIFIER
control field DCL
100 1# - MAIN ENTRY--PERSONAL NAME
Personal name Hambly, Barbara.
9 (RLIN) 16311
245 10 - TITLE STATEMENT
Title Planet of twilight /
Statement of responsibility, etc Barbara Hambly.
250 ## - EDITION STATEMENT
Edition statement Bantam pbk ed.
260 ## - PUBLICATION, DISTRIBUTION, ETC. (IMPRINT)
Place of publication, distribution, etc New York :
Name of publisher, distributor, etc Bantam,
Date of publication, distribution, etc 1998, c1997.
300 ## - PHYSICAL DESCRIPTION
Extent 389 p. ;
Dimensions 18 cm.
490 1# - SERIES STATEMENT
Series statement Star wars
490 0# - SERIES STATEMENT
Series statement Bantam Spectra books
510 0# - CITATION/REFERENCES NOTE
Name of source Library Journal
510 0# - CITATION/REFERENCES NOTE
Name of source Publisher's Weekly
510 0# - CITATION/REFERENCES NOTE
Name of source Booklist
520 ## - SUMMARY, ETC.
Summary, etc Han, Chewie, and Lando set out for Renat Chorios where Princess Leia is being held hostage by a ruthless warlord and where Luke has become trapped and unable to use the Force to save himself; meanwhile, the planet begins to reveal a strange, malevolent life-form that promises to destroy both the Empire and New Republic.
521 2# - TARGET AUDIENCE NOTE
Target audience note Young Adult
Source Follett Library Resources
650 #0 - SUBJECT ADDED ENTRY--TOPICAL TERM
Topical term or geographic name as entry element Skywalker, Luke (Fictitious character)
Form subdivision Fiction.
9 (RLIN) 5700475
650 #0 - SUBJECT ADDED ENTRY--TOPICAL TERM
Topical term or geographic name as entry element Leia, Princess (Fictitious character)
Form subdivision Fiction.
9 (RLIN) 5724624
650 #0 - SUBJECT ADDED ENTRY--TOPICAL TERM
Topical term or geographic name as entry element Solo, Han (Fictitious character)
Form subdivision Fiction.
9 (RLIN) 5724625
650 #7 - SUBJECT ADDED ENTRY--TOPICAL TERM
Topical term or geographic name as entry element Skywalker, Luke (Fictitious character)
Form subdivision Fiction.
Source of heading or term sears
9 (RLIN) 5700475
650 #7 - SUBJECT ADDED ENTRY--TOPICAL TERM
Topical term or geographic name as entry element Leia, Princess (Fictitious character)
Form subdivision Fiction.
Source of heading or term sears
9 (RLIN) 5724624
650 #7 - SUBJECT ADDED ENTRY--TOPICAL TERM
Topical term or geographic name as entry element Solo, Han (Fictitious character)
Form subdivision Fiction.
Source of heading or term sears
9 (RLIN) 5724625
650 #7 - SUBJECT ADDED ENTRY--TOPICAL TERM
Topical term or geographic name as entry element Science fiction.
Source of heading or term sears
9 (RLIN) 6338409
830 #0 - SERIES ADDED ENTRY--UNIFORM TITLE
Uniform title Star wars (Bantam Books (Firm) : Unnumbered).
9 (RLIN) 39977
942 ## - ADDED ENTRY ELEMENTS (KOHA)
Koha item type UNKNOWN
Holdings
Withdrawn status Lost status Source of classification or shelving scheme Damaged status Not for loan Collection code Home library Current library Shelving location Date acquired Source of acquisition Cost, normal purchase price Total Checkouts Full call number Barcode Date last seen Date checked out Cost, replacement price Price effective from Koha item type
    Dewey Decimal Classification     Fiction Wasatch County Library Wasatch County Library First Floor 11/29/2011 Donation 6.99 8 F Hambly 34301001037771 02/16/2024 02/07/2022 6.99 03/20/2020 BOOK
This project was made possible through a grant from the Institute of Museum and Library Service administered by the Utah State Library Division.

Wasatch County Library

  • 465 East 1200 South, Heber City, Utah 84032
  • Phone 435-654-1511 | Fax 435-654-6456

Hours

  • Monday - Friday 9:30 AM - 8:00 PM
  • Saturday 9:30 AM - 1:30 PM
  • Closed Sundays and Holidays